000 00505nam a22001337a 4500
020 _a0 86010 005 7
082 _a658.26 NAT
100 _aThe NATIONAL Industrial Fuel Efficiency ServiceLtd. Fuel Economy Handbook
245 _aThe National Industrial Fuel Efficiency ServiceLtd. Fuel Economy Handbook
260 _aLondon
_bGraham Trotman Dudley Publishers Ltd.
_c1974
300 _a10-29Pg.
_bill.; 21cm
650 _aThe National Industrial Fuel Efficiency ServiceLtd. Fuel Economy Handboo
942 _cBK
999 _c16504
_d16504